| 000 | 01153aab a2200193 i 4500 | ||
|---|---|---|---|
| 001 | 768714001 | ||
| 003 | CO-MdFUSB | ||
| 005 | 20240320115425.0 | ||
| 008 | 240318t1992 ag ||||| |||| 00| 0 spa d | ||
| 040 |
_bspa _cCO-MdFUSB |
||
| 041 | _aspa | ||
| 100 | 1 |
_aPalomino Muñoz, Juan _eautor |
|
| 245 | 1 | 0 |
_aBiblia y ecología : _breflexiones bíblicas de un Don Quijote _c/ Juan Palomino Muñoz |
| 300 |
_aVolumen 11, número 4 (octubre - diciembre, 1992), páginas: 10 - 12 _c; 27 cm |
||
| 520 | _aAnte el espectáculo que ofrece el mundo como efecto del pecado tanto de Adán como de Caín, cabe preguntarnos qué papel desempeñamos los hombres a los que nos queda aún un poco de razón. La conservación de la ecología no es un asunto meramente romántico, sino de vida o muerte para los habitantes del planeta tierra. Toda acción de defensa del hábitat humano es defensa de su sobrevivencia. Si no lo hacemos, ponemos en riesgo la sobrevivencia de esta especie humana. | ||
| 650 | 7 |
_aEcología _97099 |
|
| 773 | 0 |
_tIglesia y Misión _049402 _959656 _gVolumen 11, número 4 (octubre - diciembre, 1992), páginas: 10 - 12 _qpáginas: 10 |
|
| 942 | _cANA | ||
| 999 |
_c51976 _d51976 |
||